000 01582cam a2200349 a 4500
001 13561057
005 20070514135603.0
008 040416s2004 enk b 001 0 eng d
010 _a 2004298986
020 _a0199252483
035 _a(OCoLC)ocm54367980
040 _aNOC
_cNOC
_dDLC
042 _alccopycat
043 _ae------
050 0 0 _aJN15
_b.W495 2004
082 0 0 _a341.2422
_222
_bWIE
100 1 _aWiener, Antje.
_98189
245 1 0 _aEuropean integration theory /
_cAntje Wiener, Thomas Diez.
260 _aOxford :
_bOxford University Press,
_cc2004.
300 _axvi, 290 p. ;
_c25 cm.
504 _aIncludes bibliographical references and index.
610 2 0 _aEuropean Union.
_98190
650 0 _aEuropean federation.
_98191
651 0 _aEuropean Union countries
_xPolitics and government
_xPhilosophy.
_98192
700 1 _aDiez, Thomas,
_d1970-
_98193
856 4 2 _3Publisher description
_uhttp://www.loc.gov/catdir/enhancements/fy0620/2004298986-d.html
856 4 1 _3Table of contents only
_uhttp://www.loc.gov/catdir/enhancements/fy0620/2004298986-t.html
856 4 2 _3Contributor biographical information
_uhttp://www.loc.gov/catdir/enhancements/fy0723/2004298986-b.html
942 _2ddc
_cBB
999 _c12446
_d12446